Catálogo
 En Linea

Historia de Roma desde la fundación de la ciudad = Ab vrbe condita / (Registro nro. 20209)

Detalles MARC
000 -CABECERA
campo de control de longitud fija 00729nbc a2200181 a 4500
001 - NÚMERO DE CONTROL
campo de control 000020705
005 - FECHA Y HORA DE LA ÚLTIMA TRANSACCIÓN
campo de control 20200930011141.0
008 - DATOS DE LONGITUD FIJA--INFORMACIÓN GENERAL
campo de control de longitud fija 100813s1987 es 0 1 0 spa d
020 ## - NÚMERO INTERNACIONAL ESTÁNDAR DEL LIBRO
Número Internacional Estándar del Libro 8400066928
040 ## - FUENTE DE LA CATALOGACIÓN
Centro catalogador/agencia de origen DO-SdBNP
Lengua de catalogación spa
Centro/agencia transcriptor BPJMD
100 1# - ENTRADA PRINCIPAL--NOMBRE DE PERSONA
Nombre de persona Livio, Tito
9 (RLIN) 43449
245 10 - MENCIÓN DE TÍTULO
Título Historia de Roma desde la fundación de la ciudad = Ab vrbe condita /
Mención de responsabilidad, etc. Tito Livio ; texto revisado, traducción, introducción y notas por Antonio Fontán.
260 ## - PUBLICACIÓN, DISTRIBUCIÓN, ETC.
Lugar de publicación, distribución, etc. Madrid :
Nombre del editor, distribuidor, etc. Consejo Superior de Investigaciones Científicas,
Fecha de publicación, distribución, etc. 1987.
300 ## - DESCRIPCIÓN FÍSICA
Extensión v. ;
Dimensiones 22 cm.
500 ## - NOTA GENERAL
Nota general La biblioteca posee en un solo tomo el v. 1 y 2
504 ## - NOTA DE BIBLIOGRAFÍA, ETC.
Nota de bibliografía, etc. Incluye referencias biobliográficas y notas al pie de la páginas
700 1# - PUNTO DE ACCESO ADICIONAL--NOMBRE DE PERSONA
Nombre de persona Fontán, Antonio
9 (RLIN) 43450

No hay ítems disponibles.

Con tecnología Koha